L'etat des sciences sociales en France
Αποθηκεύτηκε σε:
| Άλλοι συγγραφείς: | |
|---|---|
| Μορφή: | Βιβλίο |
| Γλώσσα: | French |
| Δημοσίευση: |
Paris :
La Decouverte,
c1986
|
| Σειρά: | Collection L'etat du monde
|
| Θέματα: | |
| Ετικέτες: |
Προσθήκη ετικέτας
Δεν υπάρχουν, Καταχωρήστε ετικέτα πρώτοι!
|
MARC
| LEADER | 00000cam a2200000 i 4500 | ||
|---|---|---|---|
| 001 | 1/67500 | ||
| 008 | 931104s1986 fre d | ||
| 020 | |a 2-7071-1610-6 | ||
| 035 | |l 10001909 | ||
| 040 | |a GR-MY-UA |b gre |e aacr | ||
| 041 | 0 | |a fre | |
| 245 | 1 | 0 | |a L'etat des sciences sociales en France / |c Sous la direction de Marc Guillaume |
| 260 | |a Paris : |b La Decouverte, |c c1986 | ||
| 300 | |a 587 p.; |c 19 cm | ||
| 490 | 1 | |a Collection L'etat du monde | |
| 504 | |a Includes bibliographical references and index | ||
| 650 | 0 | 0 | |a Social sciences |z France. |
| 700 | 1 | |a Guillaume, Marc. |4 edt | |
| 830 | 0 | |a Collection L'etat du monde | |
| 852 | |a INST |b LESVOS |e 19931104 |h 300.1 ETA |p 005100010065 |q 005100010065 |t BK |y 0 | ||
| 909 | |a Λ |b 016951 | ||